| 000 | 00540nam a2200205Ia 4500 | ||
|---|---|---|---|
| 003 | ARRUPE | ||
| 005 | 20160803114333.0 | ||
| 008 | 130303s9999 xx 000 0 und d | ||
| 040 | _cARRUPELIB | ||
| 050 | _aDT23.N58 1968 | ||
| 100 |
_aNkrumah, Kwame _924344 |
||
| 245 |
_aHandbook of revolutionary warfare _cby Nkrumah, Kwame |
||
| 260 | _aLondon | ||
| 260 | _bPan-Africa | ||
| 260 | _c1968 | ||
| 300 |
_a122p.; _c19cm. |
||
| 650 |
_aGuerrillas _zAfrica _924345 |
||
| 650 |
_aGuerrilla warfare _924346 |
||
| 942 | 0 | 0 |
_01 _2lcc _cMONOGRAPH |
| 999 |
_c35707 _d35707 |
||